| Tag |
First Indicator |
Second Indicator |
Subfields |
| LEADER |
00000pam a2200000 a 4500 |
| 001 |
in00000261321 |
| 005 |
20151010053000.0 |
| 008 |
750421s1975 txua b 00110beng |
| 010 |
|
|
|a 75014013
|
| 020 |
|
|
|a 0811105725 :
|c $7.95
|
| 035 |
|
|
|a (OCoLC)01341509
|
| 035 |
|
|
|9 ABC2762AM
|
| 040 |
|
|
|a DLC
|c DLC
|d TXA
|d UtOrBLW
|
| 049 |
|
|
|a TXAM
|c 1 [1373968]
|a TXAS [mil]
|c 2
|
| 050 |
0 |
0 |
|a E745.S69
|b O52
|
| 082 |
0 |
|
|a 358.4/13/310924
|a B
|
| 100 |
1 |
|
|a O'Neal, Mary Lee Strickland,
|d 1926-
|
| 245 |
1 |
0 |
|a Why did you start without me? /
|c by Mary Lee Strickland O'Neal.
|
| 264 |
|
1 |
|a San Antonio, Tex. :
|b Naylor Co.,
|c [1975]
|
| 264 |
|
4 |
|c ©1975
|
| 300 |
|
|
|a xvi, 196 pages, 6 unnumbered leaves of plates :
|b illustrations ;
|c 22 cm.
|
| 336 |
|
|
|a text
|b txt
|2 rdacontent
|
| 337 |
|
|
|a unmediated
|b n
|2 rdamedia
|
| 338 |
|
|
|a volume
|b nc
|2 rdacarrier
|
| 504 |
|
|
|a Bibliography: pages 186-187.
|
| 500 |
|
|
|a Includes index.
|
| 600 |
1 |
0 |
|a Strickland, Auby Casey,
|d 1895-1969.
|
| 999 |
|
|
|a MARS
|
| 999 |
f |
f |
|s 01b9e6a7-00ae-351c-a10c-ac68ebc63c87
|i c8190b5f-3652-3c4c-8d9a-e33caad3dee0
|t 0
|
| 952 |
f |
f |
|p ric
|a Texas A&M University
|b Rellis Campus
|c Joint Library Facility
|d Remote Storage
|t 0
|e E745.S69 O52
|h Library of Congress classification
|i unmediated -- volume
|m A14802248651
|
| 952 |
f |
f |
|p noncirc
|a Texas A&M University
|b College Station
|c Cushing Memorial Library & Archives
|d Cushing: Ragan Military (Does not check out)
|t 0
|e E745.S69 O52 1975
|h Library of Congress classification
|i unmediated -- volume
|
| 998 |
f |
f |
|a E745.S69 O52 1975
|t 0
|l Cushing: Ragan Military (Does not check out)
|
| 998 |
f |
f |
|a E745.S69 O52
|t 0
|l Remote Storage
|